| 000 | 00346nam a2200121Ia 4500 | ||
|---|---|---|---|
| 008 | 201002s9999 xx 000 0 und d | ||
| 020 | _a978-111-959-114-6 | ||
| 100 | _aMoore John T. | ||
| 245 |
_cJohn T. Moore _aChemistry essentials/ |
||
| 260 |
_aNew Jersey: _bJohn Wiley and Sons _c2019 |
||
| 300 |
_aix, 180 pages _c18 cm. |
||
| 650 | _aChemistry | ||
| 999 |
_c364678 _d364678 |
||